Pays d'origine des touristes en Israël - Statistiques

Statistiques générales
  • Ce quiz a été pris 892 fois
  • Le résultat moyen est 15 sur 20
Statistiques - réponses
Nombre de touristes Pays % Correct
346 000 France
100%
897 100 Etats-Unis
99%
77 700 Espagne
94%
316 100 Russie
92%
150 600 Italie
91%
262 500 Allemagne
89%
92 000 Canada
88%
217 900 Royaume Uni
88%
104 900 Chine
84%
151 900 Pologne
79%
62 500 Brésil
77%
40 700 Belgique
73%
43 000 Australie
69%
57 100 Suisse
68%
83 000 Pays-Bas
67%
137 800 Ukraine
66%
70 700 Inde
65%
38 700 Autriche
60%
106 900 Roumanie
48%
45 200 Corée du Sud
47%
Aucun quiz correspondant
Distribution des résultats
% des personnes avec chaque résultat
Percentile par nombre de réponses
Votre historique - résultats
Vous n’avez pas pris ce quiz